MARC details
| 000 -LEADER |
| fixed length control field |
01455cam a2200349 a 4500 |
| 001 - CONTROL NUMBER |
| control field |
2155883 |
| 003 - CONTROL NUMBER IDENTIFIER |
| control field |
GZU |
| 005 - DATE AND TIME OF LATEST TRANSACTION |
| control field |
20201123114126.0 |
| 008 - FIXED-LENGTH DATA ELEMENTS--GENERAL INFORMATION |
| fixed length control field |
990211s1995 ne ab b i000 0 eng |
| 010 ## - LIBRARY OF CONGRESS CONTROL NUMBER |
| LC control number |
98982499 |
| 020 ## - INTERNATIONAL STANDARD BOOK NUMBER |
| International Standard Book Number |
9072458451 |
| 020 ## - INTERNATIONAL STANDARD BOOK NUMBER |
| International Standard Book Number |
0797415319 (Southern African Research and Documentation Centre) |
| 040 ## - CATALOGING SOURCE |
| Original cataloging agency |
DLC |
| Transcribing agency |
DLC |
| 042 ## - AUTHENTICATION CODE |
| Authentication code |
lcode |
| 043 ## - GEOGRAPHIC AREA CODE |
| Geographic area code |
fs----- |
| 050 00 - LIBRARY OF CONGRESS CALL NUMBER |
| Classification number |
HQ792.S6 |
| Item number |
TRA 1995 |
| 245 00 - TITLE STATEMENT |
| Title |
Transcending the legacy : |
| Remainder of title |
children in the new southern Africa / |
| Statement of responsibility, etc. |
[editors, J. Balch ... et al.]. |
| 246 30 - VARYING FORM OF TITLE |
| Title proper/short title |
Legacy |
| 246 30 - VARYING FORM OF TITLE |
| Title proper/short title |
Children in the new southern Africa |
| 260 ## - PUBLICATION, DISTRIBUTION, ETC. |
| Place of publication, distribution, etc. |
Amsterdam, the Netherlands : |
| Name of publisher, distributor, etc. |
African-European Institute ; |
| Place of publication, distribution, etc. |
Harare, Zimbabwe : |
| Name of publisher, distributor, etc. |
Southern African Research & Documentation Centre ; |
| Place of publication, distribution, etc. |
Nairobi, Kenya : |
| Name of publisher, distributor, etc. |
UNICEF, Eastern and Southern Africa Regional Office, |
| Date of publication, distribution, etc. |
c1995. |
| 300 ## - PHYSICAL DESCRIPTION |
| Extent |
xi, 242 p. : |
| Other physical details |
ill., map ; |
| Dimensions |
25 cm. |
| 504 ## - BIBLIOGRAPHY, ETC. NOTE |
| Bibliography, etc. note |
Includes bibliographical references (p. 232-242). |
| 650 #0 - SUBJECT ADDED ENTRY--TOPICAL TERM |
| Topical term or geographic name entry element |
Children |
| Geographic subdivision |
Africa, Southern |
| General subdivision |
Social conditions. |
| 650 #0 - SUBJECT ADDED ENTRY--TOPICAL TERM |
| Topical term or geographic name entry element |
Children |
| Geographic subdivision |
Africa, Southern. |
| 700 1# - ADDED ENTRY--PERSONAL NAME |
| Personal name |
Balch, Jeffrey. |
| 710 2# - ADDED ENTRY--CORPORATE NAME |
| Corporate name or jurisdiction name as entry element |
African-European Institute. |
| 710 2# - ADDED ENTRY--CORPORATE NAME |
| Corporate name or jurisdiction name as entry element |
Southern African Research and Documentation Centre. |
| 710 2# - ADDED ENTRY--CORPORATE NAME |
| Corporate name or jurisdiction name as entry element |
UNICEF. |
| Subordinate unit |
Eastern and Southern Africa Regional Office. |
| 906 ## - LOCAL DATA ELEMENT F, LDF (RLIN) |
| a |
7 |
| b |
cbc |
| c |
origode |
| d |
3 |
| e |
ncip |
| f |
19 |
| g |
y-gencatlg |
| 942 ## - ADDED ENTRY ELEMENTS (KOHA) |
| Source of classification or shelving scheme |
Library of Congress Classification |
| Koha item type |
Books |
| Classification part |
792.S6 |
| Item part |
TRA |
| Call number prefix |
HQ |